000 00519nam a2200181Ia 4500
999 _c762
_d762
003 OSt
005 20200914144338.0
008 190216s9999||||xx |||||||||||||| ||und||
020 _a8172312350
040 _coclc
082 _a297.63
_bNUM/S
100 _aNu`Mani, Allama Shibli
_92129
245 0 _a Sirat-Un-Nabi Vol 1 /
_c Allama Shibli Nu`Mani
260 _bIslamic Book Service,
_a2001.
_cNew Delhi:
300 _a274p
650 _aArabic
942 _cBK
_2ddc
_h297.63
_iNUM/S
_k297.63
_mNUM/S